Statistics for panic! at the disco: viva las vengeance

Click here to take the quiz!

General Stats

  • This quiz has been taken 23 times
  • The average score is 11 of 12

Answer Stats

HintAnswer% Correct
I'm saying more right now than I ever said
Don't wanna live if the thought of loving you is dead
Don't Let The Light Go Out
95%
Singing out our life on stage
High enough to feel no pain
God Killed Rock And Roll
95%
They look so happy there
But I don't even care
I pop a pill to feel euphoria
Sad Clown
95%
God bless the doomsday scrollers
Thank you for doing all the work, ooh
Something About Maggie
95%
I'll feed your Frank Sinatra, stars and stripes forever
I'll drag you to the opera, so you think I'm clever
Sugar Soaker
95%
Stuck here in the weeds
On a road that leads
Viva Las Vengeance
95%
Lose control, step on the gas
Burn a little brighter for as long as it lasts
Do It To Death
90%
Did you ever get your money back?
Did you ever kiss the devil?
Local God
90%
You and me ain't no Bonnie and Clyde
Although we tried and tried, we gave ourselves away
Middle Of A Breakup
90%
Laughing through your crocodile tears
As your moment disappears
Say It Louder
90%
If we could read the script of our future
We would never turn the page
All By Yourself
85%
Didn't need numbers to show us the way
Just look at us today, look at us today
Star Spangled Banger
85%

Score Distribution

Percentile by Number Answered

Percent of People with Each Score

Your Score History

You have not taken this quiz